MDQL
is popping MORE tags! Check the
thread
!
Quizzes
Events
Quiz Creation
Community
Videos
Private Events
Remove Ads
Sign In
Join for FREE
Feedback
Dark Mode
Quiz Categories
Sports
Geography
Music
Movies
Television
Just For Fun
Miscellaneous
History
Literature
Language
Science
Gaming
Entertainment
Religion
Holiday
For Kids
Quiz Lab
Recent
Popular Today
Quiz Kudos Today
Editor Picks
Curator Picks
Quizzes by...
Day
Popularity
Type
Ratings
Length
Year
Community
Subscriptions
Recent Discussions
Orange Saloon
Badges
Playlists
Quests
Create
Leaderboards
Showdown
Live 5
Trivia Bingo
Activity
Puzzle Library
Sporcle Events
Private Events
Virtual Trivia
Globe League
Become a Host
Pub Owners
SporcleCon
Opinionation
Our Games
Videos
Blog
Mobile Apps
Partnerships
Remove Ads and Go Orange
Feedback
Sports
Athletes
MLB
NBA
NHL
NFL
Soccer
Sports Teams
WWE
NCAA
Football
Premier League
Basketball
Baseball
Hockey
Golf
Tennis
Cricket
Rugby
Auto Racing
Olympics
World Cup
Sports
Athletes
MLB
NBA
NHL
NFL
Soccer
Sports Teams
WWE
NCAA
Football
Premier League
Basketball
Baseball
Hockey
Golf
Tennis
Cricket
Rugby
Auto Racing
Olympics
World Cup
Random Quiz
Search Sporcle
×
Quiz Lab
Quiz Lab
Sports
eclipse
Type in answers that appear in a list
Type in answers that appear in a list
Classic
Best Score? Go Orange.
Champion Older Male Stats
Can you name the Eclipse Award winners for Champion Older Male?
By
mrharp
10m
46 Questions
55 Plays
55 Plays
55 Plays
Comments
Comments
Give Quiz Kudos
Give Quiz Kudos
-
- Ratings
hide this ad
Replay
Link that replays current quiz
Next Quiz
Link to next quiz in quiz playlist
You Got
0%
They Got
Avg Score
58%
Avg Friend Score
Upgrade to see
Score Distribution
Jump to the score distribution portion of the page
Score
0/46
Timer
10:00
0
Plays Today
Year
Horse
% Correct
2016
California Chrome
97.3%
1995
Cigar
96.4%
1996
Cigar
96.4%
1979
Affirmed
94.5%
1978
Seattle Slew
90.9%
2008
Curlin
90.9%
1980
Spectacular Bid
89.1%
1987
Ferdinand
87.3%
1988
Alysheba
87.3%
2001
Tiznow
85.5%
2004
Ghostzapper
85.5%
2012
Wise Dan
84.6%
2013
Wise Dan
84.6%
1974
Forego
83.6%
1975
Forego
83.6%
1976
Forego
83.6%
1977
Forego
83.6%
1997
Skip Away
83.6%
1998
Skip Away
83.6%
1973
Riva Ridge
81.8%
2003
Mineshaft
81.8%
1981
John Henry
80%
1991
Black Tie Affair
72.7%
Year
Horse
% Correct
2006
Invasor
70.9%
2005
Saint Liam
69.1%
2000
Lemon Drop Kid
67.3%
2015
Honor Code
64.9%
1990
Criminal Type
61.8%
2010
Blame
56.6%
1971
Ack Ack
49.1%
1984
Slew o'Gold
47.3%
1999
Victory Gallop
38.2%
2009
Gio Ponti
36.4%
2007
Lawyer Ron
34.5%
2002
Left Bank
27.3%
1972
Autobiography
23.6%
1993
Bertrando
23.6%
1992
Pleasant Tap
21.8%
1994
Colonial Affair
20%
2011
Acclamation
15.1%
2014
Main Sequence
10.8%
1982
Lemhi Gold
9.1%
1983
Bates Motel
9.1%
1986
Turkoman
9.1%
1989
Blushing John
9.1%
1985
Vanlandingham
7.3%
Quiz Playlist
Details
Report
Send in Message
Add To Playlist
Classic:
Type in answers that appear in a list
Quiz Source
Last Updated: May 20, 2017
Quiz Scoreboard
CHALLENGE
Sign Up to Join the Scoreboard
Show All
Scores
Hide
Comments
May contain spoilers
Recently Published
5x2 Blitz: Bands
by SL_Kpop136
Music
30s
Colored Red Africa Blitz
by spor1
Geography
30s
Find the 'City' Movie
by crazypaving
Movies
60s
More to Explore
Quiz From the Vault
Featured Blog Post
14 Easter Pick-up Lines to Find Eggs With
hide this ad
You Might Also Like...
Tags
Award
champion
eclipse
horse
male
old
Trainer
Winner
Today's Top Quizzes in Sports
Browse Sports
hide this ad
Top Contributed Quizzes in Sports
1
Players with Multiple 50 Home Run Seasons
2
Who Needs Fielders?
3
Criteria MLB: Left Handed Sluggers
4
MLB Players with Two .350 Batting Average Seasons
5
Who Hit More Homers?
6
2020 F1 Drivers Logic Puzzle
7
NBA Teammate Connections
8
Premier League Clubs since 2000 (minefield)
9
MLB Teams by First Game
10
Top 10 NHL Goal Scorers of All Time
Explore More
Trending Topics
Disney
Crossword
NBA
Anime
Harry Potter
Kpop
Marvel
The Office
WWE
Country
NFL
Soccer
Song
Pokémon
Puzzle
hide this ad
More By:
mrharp
Quiz
Plays
Rating
Category
Featured
Created
Ohio State Quarterbacks
2,014
3.67
Sports
Oct 2, 2009
All-Time NL Cities
1,627
4.13
Sports
Oct 1, 2009
All-Time AL Cities
996
4.06
Sports
Oct 2, 2009
Horse of the Year
640
4.50
Sports
Nov 5, 2010
Breeders' Cup Classic
558
4.33
Sports
Sep 22, 2009
Go to Creator's Profile
Score Distribution
Quiz Creator Spotlight
mrharp
Follow
Send a Message
Quizzes Created
-
Created Quiz Play Count
-
More By This Creator
Popular Quizzes Today
1
Find the 'City' Movie
2
5x2 Blitz: Bands
3
Colored Red Africa Blitz
4
Find the US States - No Outlines Minefield
5
The Countries of the World
6
Find the US States
7
9x9 Crossword: Cartoon Network
8
US States
More Sports Quizzes
NBA Team Limericks 2021-22
Quiz Lab
Trending Quizzes
Colored Red Europe Blitz I
Colored Red Africa Blitz II
Colored Red Europe Blitz III
Colored Red Europe Blitz II
Colored Red Africa Blitz III
Recently Updated
Champions League XIs: Real Madrid
pecheneg
Largest US Cities 1790-2010
pecheneg
Rides in Walt Disney World
pecheneg
Most Oscar Losses (Acting)
pecheneg
Beyoncé Albums
pecheneg
Leaping Animals
pecheneg
Reality TV Shows (A-Z)
bhenderson79
Rickey Henderson's Hall of Fame Teammates
pecheneg
Champions League XIs: Arsenal
pecheneg
Quick Pick: Celebrities in WWE's Hall of Fame
aduchscher
Trending Topics
NBA
Harry Potter
Crossword
Anime
Marvel
Kpop
Disney
Country
WWE
Puzzle
The Office
Pokémon
Song
NFL
Soccer
Your Account Isn't Verified!
In order to create a playlist on Sporcle, you need to verify the email address you used during registration. Go to your
Sporcle Settings
to finish the process.
Report this User
Report this user for behavior that violates our
Community Guidelines
.
Details:
Send Report
Go to the Sporcle.com Mobile Site →
Comments